| 000 | 00712nam a2200181Ia 4500 | ||
|---|---|---|---|
| 005 | 20251020182532.0 | ||
| 008 | 200515s9999 xx 000 0 und d | ||
| 082 | _a711.10/C23 | ||
| 100 | _aCANIGGIA, Gianfranco MAFFEI, Gian Luigi | ||
| 245 | 0 | _aTipología de la edificación: estructura del espacio antrópico | |
| 260 | _aMadrid | ||
| 260 | _c1995 | ||
| 500 | _a1 ejemplar | ||
| 520 | _aAnálisis tipológico que parte del conocimiento de los edificios singulares, pero esto representa únicamente la primera etapa de un proceso que afronta los tejidos edificados y después los organismos urbanos, hasta llegar a los urbanismos territoriales: un | ||
| 650 | _aLIB | ||
| 650 | _aURBANISMO | ||
| 942 | _cLIB | ||
| 999 |
_c2102 _d2102 |
||